000 01051cam a2200289 a 4500
999 _c2608
_d2608
001 2144069
003 OSt
005 20191016095317.0
008 980817s1999 nyua b 001 0 eng
010 _a 98041459
020 _a071672877X
040 _aDLC
_cDLC
_dDLC
050 0 0 _aQA331.7
_b.M36 1999
082 0 0 _a515
_221
_bMAR 1999
100 1 _aMarsden, Jerrold E.; Hoffman, Michael J.
_93327
245 1 0 _aBasic Complex Analysis
250 _a3rd ed.
260 _aNew York :
_bW.H. Freeman,
_c1999.
300 _aviii, 516 p. :
_bill. ;
_c25 cm.
504 _aIncludes bibliographical references and index.
650 0 _aComplex analysis
_91060
856 4 2 _3Publisher description
_uhttp://www.loc.gov/catdir/enhancements/fy0912/98041459-d.html
856 4 1 _3Table of contents only
_uhttp://www.loc.gov/catdir/enhancements/fy0912/98041459-t.html
906 _a7
_bcbc
_corignew
_d1
_eocip
_f19
_gy-gencatlg
942 _2ddc
_cSLOAN